Normal view
MARC view
Entry Topical Term
001 - CONTROL NUMBER
- control field: 14684
003 - CONTROL NUMBER IDENTIFIER
- control field: OSt
005 - DATE AND TIME OF LATEST TRANSACTION
- control field: 20211105133829.0
008 - FIXED-LENGTH DATA ELEMENTS
- fixed length control field: 211105|| aca||aabn | a|a d
040 ## - CATALOGING SOURCE
- Original cataloging agency: OSt
- Transcribing agency: OSt
150 ## - HEADING--TOPICAL TERM
- Topical term or geographic name entry element: Spectral Evolution
670 ## - SOURCE DATA FOUND
- Source citation: Work cat.: (OSt): Workshop of the Advanced School of Astronomy of the "Ettore Majorana" Centre for Scientific Culture 4th Erice, Italy 1985 Mar. 12-22 14683, Spectral Evolution of Galaxies, 1986